| 000 | 00501cam a2200205ua 4500 | ||
|---|---|---|---|
| 001 | 9870 | ||
| 005 | 20260515114532.0 | ||
| 008 | 161005n ii |||gr||||Z||||||asm | ||
| 020 | _a8176430099 | ||
| 040 | _cMAIN | ||
| 041 | _aasm | ||
| 082 | _a891.4514 | ||
| 100 |
_aGoswami, Trailukya Nath, _eAuthor. |
||
| 245 |
_aSahitya alochana _cBy Trailukya Nath Goswami |
||
| 250 | _a9th ed. | ||
| 260 |
_aGuwahati: _bBani prakash, _c2014. |
||
| 300 | _a244p. | ||
| 653 | _aLiterary criticism | ||
| 942 | _cBK | ||
| 999 |
_c8872 _d8872 |
||